The war for Muslim minds : (Record no. 24458)

MARC details
000 -LEADER
fixed length control field 01414cam a2200397 i 4500
001 - CONTROL NUMBER
control field ocm55131274
003 - CONTROL NUMBER IDENTIFIER
control field EG-ScBUE
005 - DATE AND TIME OF LATEST TRANSACTION
control field 20230625102358.0
008 - FIXED-LENGTH DATA ELEMENTS--GENERAL INFORMATION
fixed length control field 040507s2006 ua a f b 001 0 eng d
020 ## - INTERNATIONAL STANDARD BOOK NUMBER
International Standard Book Number 9774249992 (alk. paper)
020 ## - INTERNATIONAL STANDARD BOOK NUMBER
International Standard Book Number 9789774249990
035 ## - SYSTEM CONTROL NUMBER
System control number (OCoLC)ocm55131274
040 ## - CATALOGING SOURCE
Original cataloging agency DLC
Language of cataloging eng
Description conventions rda
Transcribing agency DLC
Modifying agency EG-ScBUE
041 1# - LANGUAGE CODE
Language code of text/sound track or separate title eng
Language code of original and/or intermediate translations of text ara
082 04 - DEWEY DECIMAL CLASSIFICATION NUMBER
Classification number 909.09767083
Item number KEP
Edition number 22
100 1# - MAIN ENTRY--PERSONAL NAME
Personal name Kepel, Gilles,
Relator term author.
245 14 - TITLE STATEMENT
Title The war for Muslim minds :
Remainder of title Islam and the West /
Statement of responsibility, etc Gilles Kepel ; translated by Pascale Ghazaleh.
250 ## - EDITION STATEMENT
Edition statement First edition.
264 ## - PUBLICATION, DISTRIBUTION, ETC. (IMPRINT)
Place of publication, distribution, etc Cairo :
Name of publisher, distributor, etc American University in Cairo Press,
Date of publication, distribution, etc 2006.
300 ## - PHYSICAL DESCRIPTION
Extent 327 pages :
Other physical details illustrations ;
Dimensions 22 cm
336 ## - CONTENT TYPE
Source rdacontent
Content type term text
Content type code txt
337 ## - MEDIA TYPE
Source rdamedia
Media type term unmediated
Media type code n
338 ## - CARRIER TYPE
Source rdacarrier
Carrier type term volume
Carrier type code nc
500 ## - GENERAL NOTE
General note This edition published by arrangement with Harvard University Press 2004.
504 ## - BIBLIOGRAPHY, ETC. NOTE
Bibliography, etc Includes bibliographical references and index.
546 ## - LANGUAGE NOTE
Language note Text in English ; translated from the original Arabic.<br/>
650 #7 - SUBJECT ADDED ENTRY--TOPICAL TERM
Topical term or geographic name as entry element East and West.
Source of heading or term BUEsh
650 #7 - SUBJECT ADDED ENTRY--TOPICAL TERM
Topical term or geographic name as entry element Islam
Chronological subdivision 21st century.
Source of heading or term BUEsh
9 (RLIN) 20211
650 #7 - SUBJECT ADDED ENTRY--TOPICAL TERM
Topical term or geographic name as entry element War on Terrorism, 2001-2009
Source of heading or term BUEsh
651 ## - SUBJECT ADDED ENTRY--GEOGRAPHIC NAME
Source of heading or term BUEsh
653 ## - INDEX TERM--UNCONTROLLED
Resource For college BAEPS, Political Science
-- Generalities
Arrived date list March2017
655 ## - INDEX TERM--GENRE/FORM
Form subdivision Reading book
700 1# - ADDED ENTRY--PERSONAL NAME
Personal name Ghazaleh, Pascale,
Relator term translator.
942 ## - ADDED ENTRY ELEMENTS (KOHA)
Source of classification or shelving scheme Dewey Decimal Classification
Koha item type Book - Borrowing
Holdings
Withdrawn status Lost status Source of classification or shelving scheme Damaged status Not for loan Collection code Home library Current library Shelving location Date acquired Source of acquisition Total Checkouts Total Renewals Full call number Barcode Date last seen Date checked out Price effective from Koha item type
    Dewey Decimal Classification     AUC Central Library Central Library Second Floor 25/02/2007 Purchase 5 5 909.09767083 KEP 000001726 15/07/2025 23/04/2015 25/02/2007 Book - Borrowing
    Dewey Decimal Classification     AUC Central Library Central Library Second Floor 18/03/2017 Donation     909.09767083 KEP 000041397 15/07/2025   18/03/2017 Book - Borrowing
    Dewey Decimal Classification     AUC Central Library Central Library Second Floor 18/03/2017 Purchase 1   909.09767083 KEP 000041398 15/07/2025 17/03/2018 18/03/2017 Book - Borrowing